Southville International School and Colleges
Your cart is empty.
  • Cart
  • Lists
    Public lists Eva Luna New books Lux_list list_1
    Your lists Log in to create your own lists
  • Log in to your account
  • Your cookies
  • Search history
Southville International School and Colleges
  • Advanced search
  • Recent comments
  • Most popular
  • Libraries

Log in to your account

Log in with GOOGLE


If you do not have an external account, but do have a local account, you can still log in:

  1. Home
  2. MARC view: Tourism and sustainability :
Normal view MARC view ISBD view

Tourism and sustainability : (Record no. 23834)

[ view plain ]
MARC details
000 -LEADER
fixed length control field 00782nam a2200229 a 4500
003 - CONTROL NUMBER IDENTIFIER
control field PILC
005 - DATE AND TIME OF LATEST TRANSACTION
control field 20160301153344.0
008 - FIXED-LENGTH DATA ELEMENTS--GENERAL INFORMATION
fixed length control field 100116s19uu xx 00 eng d
020 ## - INTERNATIONAL STANDARD BOOK NUMBER
International Standard Book Number 0415414024
050 ## - LIBRARY OF CONGRESS CALL NUMBER
Classification number G 155.D44
Item number .M69 2009
100 ## - MAIN ENTRY--PERSONAL NAME
Personal name Mowforth, Martin.
245 ## - TITLE STATEMENT
Title Tourism and sustainability :
Remainder of title development, globalisation and new tourism in the third world /
Statement of responsibility, etc Martin Mowforth and Ian Munt.
250 ## - EDITION STATEMENT
Edition statement 3rd edition.
260 ## - PUBLICATION, DISTRIBUTION, ETC. (IMPRINT)
Place of publication, distribution, etc London :
Name of publisher, distributor, etc Routledge,
Date of publication, distribution, etc 2009.
300 ## - PHYSICAL DESCRIPTION
Extent 424 pages :
Dimensions 25 cm.
Other physical details illustrations ;
500 ## - GENERAL NOTE
General note Includes appendix, bibliographical references and index.
650 ## - SUBJECT ADDED ENTRY--TOPICAL TERM
Topical term or geographic name as entry element Tourism
General subdivision Developing countries.
650 ## - SUBJECT ADDED ENTRY--TOPICAL TERM
Topical term or geographic name as entry element Sustainable development
General subdivision Developing countries.
700 ## - ADDED ENTRY--PERSONAL NAME
Personal name Munt, Ian.
942 ## - ADDED ENTRY ELEMENTS (KOHA)
Koha item type Books
Source of classification or shelving scheme Library of Congress Classification
Call number prefix Foreign
Holdings
Withdrawn status Lost status Source of classification or shelving scheme Damaged status Home library Current library Shelving location Date acquired Source of acquisition Total Checkouts Full call number Barcode Date last seen Copy number Price effective from Koha item type
    Library of Congress Classification   College Library College Library General Circulation Section 07/21/2010 Library Fund   G 155.D44 .M69 2009 C11008 05/15/2018 1 03/10/2014 Books

Tourism and sustainability :

APA

Mowforth M., Munt I., . (2009). Tourism and sustainability. London: Routledge.

Chicago

Mowforth Martin, Munt Ian, . 2009. Tourism and sustainability. London: Routledge.

Harvard

Mowforth M., Munt I., . (2009). Tourism and sustainability. London: Routledge.

MLA

Mowforth Martin, Munt Ian, . Tourism and sustainability. London: Routledge. 2009.

  • Place hold
  • Print
  • Cite
  • Add to your cart (remove)
  • Save record
    BIBTEX Dublin Core MARCXML MARC (non-Unicode/MARC-8) MARC (Unicode/UTF-8) MARC (Unicode/UTF-8, Standard) MODS (XML) RIS
  • More searches
    Search for this title in:
    Other Libraries (WorldCat) Other Databases (Google Scholar) Online Stores (Bookfinder.com) Open Library (openlibrary.org)

Exporting to Dublin Core...

SOUTHVILLE LIBRARY

Southville International School and Colleges Library

1281 Tropical Ave. Cor. Luxembourg St., BF Homes International, Las Pinas City

Tel. No. 8256374 / 252358 Loc. 117/146

Powered by Koha